<?xml version="1.0" encoding="UTF-8"?>
<collection xmlns="http://www.loc.gov/MARC21/slim">
 <record>
  <leader>01591nam a2200205Ia 4500</leader>
  <controlfield tag="001">CTU_122158</controlfield>
  <controlfield tag="008">210402s9999    xx            000 0 und d</controlfield>
  <datafield tag="020" ind1=" " ind2=" ">
   <subfield code="c">38000</subfield>
  </datafield>
  <datafield tag="082" ind1=" " ind2=" ">
   <subfield code="a">658.4012</subfield>
  </datafield>
  <datafield tag="082" ind1=" " ind2=" ">
   <subfield code="b">Đ450</subfield>
  </datafield>
  <datafield tag="100" ind1=" " ind2=" ">
   <subfield code="a">Nguyễn, Thành Độ</subfield>
  </datafield>
  <datafield tag="245" ind1=" " ind2="0">
   <subfield code="a">Giáo trình chiến lược kinh doanh và phát triển doanh nghiệp</subfield>
  </datafield>
  <datafield tag="245" ind1=" " ind2="0">
   <subfield code="c">Nguyễn Thành Độ, Nguyễn Ngọc Huyền (đồng chủ biên)</subfield>
  </datafield>
  <datafield tag="260" ind1=" " ind2=" ">
   <subfield code="a">Hà Nội</subfield>
  </datafield>
  <datafield tag="260" ind1=" " ind2=" ">
   <subfield code="b">Lao động - Xã hội</subfield>
  </datafield>
  <datafield tag="260" ind1=" " ind2=" ">
   <subfield code="c">2002</subfield>
  </datafield>
  <datafield tag="520" ind1=" " ind2=" ">
   <subfield code="a">Trong cơ chế kinh tế thị trường có sự quản lý của nhà nước của nước ta hiện nay. Chiến lược kinh doanh và phát triển doanh nghiệp là công cụ định hướng và điều khiển các hoạt động của doanh nghiệp theo các mục tiêu phù hợp với hoàn cảnh môi trường và do đó, nó đóng vai trò quyết định sự thành, bại của doanh nghiệp. Với nhận thức như vậy Bộ môn Quản trị kinh doanh đã nghiên cứu và đưa môn học &quot; Chiến lược kinh doanh và phát triển doanh nghiệp&quot;. Đây là cuốn sách cung cấp các kiến thức cần thiết không chỉ cho sinh viên mà cho cả các học viên cao học cũng như nghiên cứu sinh chuyên ngành Quản trị kinh doanh.</subfield>
  </datafield>
  <datafield tag="650" ind1=" " ind2=" ">
   <subfield code="a">Strategic planning</subfield>
  </datafield>
  <datafield tag="904" ind1=" " ind2=" ">
   <subfield code="i">Hiếu</subfield>
  </datafield>
  <datafield tag="980" ind1=" " ind2=" ">
   <subfield code="a">Trung tâm Học liệu Trường Đại học Cần Thơ</subfield>
  </datafield>
 </record>
</collection>
